Statistiques concernant 15 principaux pays touchés par Covid-19 - 7 août

Cliquez ici pour prendre le quiz!

Statistiques générales

  • Ce quiz a été pris 22 fois
  • Le résultat moyen est 10 sur 25

Statistiques - réponses

pays% Correct
Etats-Unis
100%
Espagne
86%
Inde
86%
Russie
86%
Brésil
73%
Mexique
68%
Royaume-Uni
64%
Afrique du Sud
45%
Iran
45%
Colombie
41%
Pakistan
41%
Pérou
41%
Suède
41%
Chili
36%
Chili
36%
Bangladesh
32%
Israël
18%
Arabie Saoudite
14%
Panama
14%
Qatar
14%
Singapour
14%
Arménie
9%
Bahreïn
9%
Koweït
5%
Oman
5%

Distribution des résultats

Percentile par nombre de réponses

% des personnes avec chaque résultat

Votre développement - résultats

Vous n’avez pas pris ce quiz